000 00761nam a2200205 a 4500
001 000041321
005 20201002034803.0
008 130925s1994 sp 001 0 spa d
020 _a8487699987
040 _aDO-SdBNP
_bspa
_cBNPHU
245 0 0 _aDel Renacimiento a la Ilustración /
_cedición de Ezequiel de Olaso/.
260 _aMadrid :
_bConsejo Superior de Investigaciones Científicas,
_c1994.
300 _a228 p. :
_bil, ;
_c24 cm.
490 1 _aEnciclopedia iberoamericana de filosofía
_v6
500 _aIncluye índice
504 _aBibliografía : p. 227-228
504 _aIncluye referencias bibliográficas y notas al pie de las páginas
700 1 _aOlaso, Ezequiel de
_967952
830 0 _aEnciclopedia iberoamericana de filosofía
_v6
_915735
999 _c40811
_d40811